000 01344nam a22003250a 4500
001 PT27668
003 AR-LpoUNG
005 20260115112754.0
008 191001s2007||||ag |||||||||||||||||spa d
020 _a9789876300100
_c$16.66
040 _aAR-LpoUNG
_bspa
_cAR-LpoUNG
_eaacr
041 _aspa
044 _aag
082 0 _a496 992pro
100 1 _aMutombo, Daniel
245 1 0 _aPropuesta de una lingüística africana globalizante y liberadora
250 _a1ra. ed.
260 _aBuenos Aires :
_bUniversidad Nacional de General Sarmiento,
_c2007.
300 _a117 p. :
_bgráfs.
520 _aPretende difundir en el ámbito de la afroamericanística un planteo actualizado de las lenguas negroafricanas de origen y actualmente existentes, registrando sus caracteres comunes y diferenciales, su vigencia en la gran mayoría de la población y relación con las lenguas metropolitanas, su rol esencial en tanto vehículos culturales y la exigencia de una política lingüística que establezca y preserve su prioridad en el uso oficial e institucional.
650 4 _aAFRICA
650 4 _aANALISIS HISTORICO
650 4 _aGLOBALIZACION
650 4 _aLENGUA AFRIKAANS
650 4 _aLINGÜISTICA
700 1 _aBeltrán, Luis
_epról.
700 1 _aPicotti C., Dina V.
_epról.
905 _a27668
942 _cLIB
_2ddc
999 _c20211
_d20211